=LDR 00000nam 2200000 4500 =001 INLIS000000000040358 =005 20130612145926 =008 ***********************************Ind** =035 ##$$a0010-061300000040358 =041 ##$$a Ind =082 ##$$a 813 =090 ##$$a 813, Rus t =100 ##$$a Russell, Rebecca =245 ##$$a Tempat hati berlabuh/ Rebecca Russell; Alih bahasa, Chefira Inda P =260 ##$$a 2006 $b Jakarta =300 ##$$a 256 hlm., 18 cm =650 ##$$a Fiksi =700 ##$$a Inda, P. Chefita =850 ##$$a NBPNMAT =990 ##$$a 90288/BPAP-NTB/2014